000 00356nam a22001337a 4500
003 NUST - PNEC
005 20170116181109.0
008 151003b xxu||||| |||| 00| 0 eng d
040 _cLIBRARY
082 _a621.3895 PNEC
100 _912831
_aWeapon Engineering Department
245 _aSonar Course Notes
_cWeapon Engineering Department
942 _2ddc
_cBK
999 _c69060
_d69060